Future-Proofing Adult Learning in Berlin, Germany.

After a long period of employment growth that led to the lowest unemployment rate since the German reunification, Berlin's labour market is now tightening. Accelerated by the COVID-19 pandemic, global labour market megatrends such as the automation of production processes and the increasingly a...

Full description

Bibliographic Details
Main Author: OECD.
Format: eBook
Language:English
Published: Paris : Organization for Economic Cooperation & Development, 2022.
Edition:1st ed.
Subjects:
Online Access:Click to View
LEADER 01863nam a22003613i 4500
001 EBC29943381
003 MiAaPQ
005 20231204023229.0
006 m o d |
007 cr cnu||||||||
008 231204s2022 xx o ||||0 eng d
020 |a 9789264374386  |q (electronic bk.) 
035 |a (MiAaPQ)EBC29943381 
035 |a (Au-PeEL)EBL29943381 
035 |a (OCoLC)1344541629 
040 |a MiAaPQ  |b eng  |e rda  |e pn  |c MiAaPQ  |d MiAaPQ 
100 1 |a OECD. 
245 1 0 |a Future-Proofing Adult Learning in Berlin, Germany. 
250 |a 1st ed. 
264 1 |a Paris :  |b Organization for Economic Cooperation & Development,  |c 2022. 
264 4 |c Ã2022. 
300 |a 1 online resource (103 pages) 
336 |a text  |b txt  |2 rdacontent 
337 |a computer  |b c  |2 rdamedia 
338 |a online resource  |b cr  |2 rdacarrier 
520 |a After a long period of employment growth that led to the lowest unemployment rate since the German reunification, Berlin's labour market is now tightening. Accelerated by the COVID-19 pandemic, global labour market megatrends such as the automation of production processes and the increasingly advanced digital skills required to perform many jobs pose new challenges to Berlin's policymakers. 
588 |a Description based on publisher supplied metadata and other sources. 
590 |a Electronic reproduction. Ann Arbor, Michigan : ProQuest Ebook Central, 2023. Available via World Wide Web. Access may be limited to ProQuest Ebook Central affiliated libraries.  
650 0 |a Employment--Germany. 
655 4 |a Electronic books. 
776 0 8 |i Print version:  |a OECD  |t Future-Proofing Adult Learning in Berlin, Germany  |d Paris : Organization for Economic Cooperation & Development,c2022 
797 2 |a ProQuest (Firm) 
856 4 0 |u https://ebookcentral.proquest.com/lib/matrademy/detail.action?docID=29943381  |z Click to View